[Event "SRB-chT2 East"]
[Site "Pozarevac"]
[Date "2009.10.09"]
[Round "8.4"]
[White "Petrovic, Grade"]
[Black "Djordjevic, Zoran"]
[Result "1/2-1/2"]
[WhiteElo "2139"]
[BlackElo "2066"]
[PlyCount "110"]
[EventDate "2009.09.06"]
[EventType "team"]
[EventRounds "11"]
[EventCountry "SRB"]
[SourceTitle "EXT 2012"]
[Source "ChessBase"]
[SourceDate "2011.11.24"]
[SourceVersion "1"]
[SourceVersionDate "2011.11.24"]
[SourceQuality "1"]

1. d4 e6 2. Nf3 c5 3. g3 b6 4. Bg2 Bb7 5. 0-0 Qc7 6. c3 Nf6 7. Nbd2 d6 8. Re1 Nbd7 9. e4 e5 10. d5 Be7 11. a4 0-0 12. h3 h6 13. g4 Nh7 14. Nf1 Ndf6 15. Ng3 Bc8 16. Nf5 Kh8 17. Kh1 Ng8 18. Be3 Qd8 19. Qd2 Bxf5 20. exf5 Ng5 21. Nxg5 Bxg5 22. f4 exf4 23. Bxf4 Bh4 24. Re2 Qd7 25. a5 b5 26. a6 Rab8 27. b4 c4 28. Bf3 Rfe8 29. Kg2 Rxe2+ 30. Bxe2 Qe7 31. Bf3 Re8 32. Ra5 Qd7 33. Be3 Bf6 34. Kg3 Be5+ 35. Bf4 Bxf4+ 36. Qxf4 Re5 37. Qd4 h5 38. Ra2 Nh6 39. Re2 hxg4 40. hxg4 Rxf5 41. Rh2 Re5 42. Qf4 Qe7 43. Rh5 Rxh5 44. gxh5 Ng8 45. Kf2 Nf6 46. Qf5 Qd7 47. Qf4 Ng8 48. Bg4 Qe7 49. Bf3 Qf6 50. Qe3 Qe7 51. Qf4 Qf6 52. Qe3 Qh4+ 53. Kg2 Qe7 54. Qf4 Qf6 55. Qe3 Qe7 1/2-1/2

[Event "Boskovic Memorial op 7th"]
[Site "Belgrade"]
[Date "2006.10.04"]
[Round "3"]
[White "Djordjevic, Zoran"]
[Black "Jovanovic, Sasa M"]
[Result "1/2-1/2"]
[WhiteElo "2088"]
[BlackElo "2331"]
[PlyCount "69"]
[EventDate "2006.10.02"]
[EventType "swiss"]
[EventRounds "9"]
[EventCountry "YUG"]
[SourceTitle "CBM 114 Extra"]
[Source "ChessBase"]
[SourceDate "2006.11.03"]
[SourceVersion "1"]
[SourceVersionDate "2006.11.03"]
[SourceQuality "1"]

1. c4 e5 2. Nc3 Nc6 3. g3 g6 4. Bg2 Bg7 5. e3 d6 6. Nge2 Be6 7. d3 Nge7 8. a3 d5 9. cxd5 Nxd5 10. Bd2 Nxc3 11. Bxc3 Bd5 12. 0-0 0-0 13. Qc2 a5 14. b3 Bxg2 15. Kxg2 Qd5+ 16. f3 Rfd8 17. Rad1 Qc5 18. Qc1 Qb6 19. Qd2 Qxb3 20. Rb1 Qxa3 21. Rxb7 Qd6 22. Ra1 a4 23. Qc2 a3 24. Ra2 h5 25. Qb3 Na5 26. Bxa5 Rxa5 27. Nc3 Bf8 28. Rd2 Qe6 29. Qxe6 fxe6 30. Rxc7 Bb4 31. Ne4 Bxd2 32. Nf6+ Kf8 33. Nh7+ Kg8 34. Nf6+ Kf8 35. Nh7+ 1/2-1/2